000 00870nam a22002297a 4500
001 75806
003 BD-RjUL
005 20211209082740.0
008 190710s1972 bg ||||| |||| 00| 0 eng d
035 _a(BD-RjUL)76025
040 _aBD-RjUL
_beng
_cBD-RjUL
041 _aeng
082 _223
_a891.4416
_bKUC 1972
100 _a কুদ্দুস, মোহাম্মদ আবদুল.
_9232301
245 _aছোটদের নজরুল /
_cমোহাম্মদ আবদুল কুদ্দুস
250 _a২য় সং.
260 _aঢাকা :
_bনওরোজ কিতাবস্থান,
_c১৯৭২
300 _a৭৪ পৃ. ;
_c১৮ সেমি.
600 _aনজরুল ইসলাম, কাজী
_y১৮৯৯-১৯৭৬
_9232304
600 _aNazrul Islam, Kazi
_y1899-1976
_9232305
942 _2ddc
_cBK
999 _c75806
_d75806